[Event "27th Christmas Open"]
[Site "Geneva SUI"]
[Date "2010.12.28"]
[Round "4"]
[White "Steenhuis,J"]
[Black "Burnier,D"]
[Result "0-1"]
[WhiteElo "2086"]
[BlackElo "2296"]

1.d4 Nf6 2.c4 g6 3.Nc3 d5 4.cxd5 Nxd5 5.e4 Nxc3 6.bxc3 Bg7 7.Nf3 c5 8.Rb1 O-O
9.Be2 Nc6 10.d5 Ne5 11.Nxe5 Bxe5 12.Qd2 e6 13.f4 Bc7 14.c4 Ba5  0-1

[Event "Hastings Masters 2010-11"]
[Site "Hastings ENG"]
[Date "2010.12.28"]
[Round "1.50"]
[White "Gibson,Ch"]
[Black "Knott,S"]
[Result "1/2-1/2"]
[WhiteElo "1984"]
[BlackElo "2333"]

1.d4 Nf6 2.c4 g6 3.Nc3 d5 4.cxd5 Nxd5 5.e4 Nxc3 6.bxc3 Bg7 7.Nf3 c5 8.Rb1 O-O
9.Be2 Nc6 10.d5 Bxc3+ 11.Bd2 Bxd2+ 12.Qxd2 Na5 13.h4 Bg4 14.Ng5 Bxe2 15.Kxe2 h6
16.h5 hxg5 17.hxg6 Qd6 18.gxf7+ Rxf7 19.Qxa5 Rxf2+ 20.Kxf2 Qf4+ 21.Ke2 Qxe4+
22.Kd2 Rf8 23.Rbf1 Qxg2+ 24.Ke1 Qe4+ 25.Kd1 Qd3+ 26.Ke1 Qe3+ 27.Kd1 Qd3+
28.Ke1 Qe3+ 29.Kd1  1/2-1/2

[Event "North American Open"]
[Site "Las Vegas USA"]
[Date "2010.12.28"]
[Round "5"]
[White "Gurczak,J"]
[Black "Mikhailuk,S"]
[Result "0-1"]
[WhiteElo "2120"]
[BlackElo "2431"]

1.d4 Nf6 2.c4 g6 3.Nc3 d5 4.cxd5 Nxd5 5.e4 Nxc3 6.bxc3 Bg7 7.Bc4 c5 8.Ne2 O-O
9.O-O Qc7 10.Bd3 Rd8 11.Bf4 Qa5 12.Bc4 cxd4 13.cxd4 Nc6 14.Qb3 Bg4 15.Bxf7+ Kh8
16.f3 Nxd4 17.Nxd4 Bxd4+ 18.Kh1 Bd7 19.Rad1 Ba4 20.Qa3 Qb5 21.Rb1 Qd7 22.Bd5 Bc6
23.Rbd1 Bf6 24.Bb3 Qe8 25.Be6 a6 26.Qb4 Rxd1 27.Rxd1 Rd8 28.Rxd8 Qxd8 29.h3 g5
30.Bd2 Qd3 31.Be1 Bd4 32.Qd2 Qf1+ 33.Kh2 Qg1+ 34.Kg3 h5 35.f4 gxf4+ 36.Kh4 Be8
37.Kg5 f3 38.Kh4  0-1

[Event "Azerbaijanian Solidarity Day"]
[Site "Baku AZE"]
[Date "2010.12.29"]
[Round "10.4"]
[White "Benidze,D"]
[Black "Rasulov,Vu"]
[Result "1/2-1/2"]
[WhiteElo "2524"]
[BlackElo "2483"]

1.d4 Nf6 2.c4 g6 3.Nc3 d5 4.cxd5 Nxd5 5.e4 Nxc3 6.bxc3 Bg7 7.Nf3 O-O 8.Rb1 Nd7
9.Bc4 Nb6 10.Be2 Nd7 11.Bc4 Nb6 12.Be2 Nd7  1/2-1/2

[Event "IV Stadium Casablanca Open"]
[Site "Zaragoza ESP"]
[Date "2010.12.30"]
[Round "8"]
[White "Estremera Panos,S"]
[Black "Adla,D"]
[Result "1/2-1/2"]
[WhiteElo "2352"]
[BlackElo "2511"]

1.d4 Nf6 2.c4 g6 3.Nc3 d5 4.cxd5 Nxd5 5.e4 Nxc3 6.bxc3 Bg7 7.Nf3 O-O 8.Be2 b6
9.O-O Bb7 10.Qd3 c5 11.Bg5 h6 12.Bf4 cxd4 13.cxd4 e6 14.Rad1 Nc6 15.h4 Nxd4
16.Nxd4 e5 17.Bxh6 Bxh6 18.Nf5 Qxd3  1/2-1/2

[Event "19th Donau Open"]
[Site "Aschach AUT"]
[Date "2010.12.31"]
[Round "7"]
[White "Scheffknecht,P"]
[Black "Havlikova,K"]
[Result "0-1"]
[WhiteElo "2135"]
[BlackElo "2295"]

1.d4 Nf6 2.c4 g6 3.Nc3 d5 4.cxd5 Nxd5 5.e4 Nxc3 6.bxc3 Bg7 7.Bc4 c5 8.Ne2 Nc6
9.Be3 O-O 10.O-O Qc7 11.Rc1 Rd8 12.Nf4 e6 13.d5 Na5 14.Bd3 c4 15.Bb1 b5 16.Qf3 Rb8
17.h4 e5 18.Nh3 f6 19.Qg3 Bxh3 20.Qxh3 Qd7 21.Qg3 a6 22.f4 Nb7 23.h5 gxh5
24.fxe5 fxe5 25.Rf5 Rf8 26.Rxh5 Rbe8 27.Rh6 a5 28.Bc2 Kh8 29.Rc6 Rc8 30.Ra6 Qe7
31.Bd1 Nd6 32.Bf3 Ra8 33.Rc6 Rfc8 34.Bc5 Rxc6 35.dxc6 Rc8 36.Rb1 b4 37.cxb4 Rxc6
38.Rc1 axb4 39.Bxb4 Qa7+ 40.Qf2 Qa4 41.Qh4 Qa7+ 42.Kh2 Nf7 43.Bh5 Bf6 44.Qg4 Nh6
45.Qe2 Qc7 46.Bd2 Ng8 47.Rc3 Bg7 48.Rh3 c3 49.Bc1 Bh6 50.Bxh6 Rxh6 51.Qc2 Nf6
52.Bf3 Rxh3+ 53.gxh3 Qc5 54.Kg2 Ne8 55.Kf1 Nc7 56.Bd1 Ne6 57.Qd3 Nd4 58.Bc2 Qa3
59.Qd1 Qxa2 60.Qh5 Qa6+ 61.Kf2 Qf6+ 62.Ke3 Nxc2+ 63.Kd3 Ne1+ 64.Kxc3 Qf3+
65.Qxf3 Nxf3  0-1

[Event "37th ch-IND w"]
[Site "Bhubaneswar IND"]
[Date "2011.01.02"]
[Round "8"]
[White "Sithalatchumi,A"]
[Black "Kiran,M"]
[Result "1/2-1/2"]
[WhiteElo "1917"]
[BlackElo "2230"]

1.d4 Nf6 2.c4 g6 3.Nc3 d5 4.cxd5 Nxd5 5.e4 Nxc3 6.bxc3 Bg7 7.Bc4 c5 8.Ne2 O-O
9.O-O Nc6 10.Be3 Bd7 11.Rc1 Rc8 12.Qd2 Qa5 13.d5 Ne5 14.Bb3 Qa6 15.f4 Nc4
16.Qd3 Nxe3 17.Qxe3 c4 18.Bc2 Qxa2 19.e5 Qa5 20.Be4 Qc5 21.Nd4 b5 22.Kh1 a5
23.Qe2 e6 24.dxe6 fxe6 25.Qg4 Qe7 26.Ra1 a4 27.Rab1 Rb8 28.Bc6 Rb6 29.Bxd7 Qxd7
30.Rfd1 Rfb8 31.Nf3 Qf7 32.Ng5 Qf5 33.Qh4 h6 34.Nf3 Bf8 35.Ra1 a3 36.Nd4 Qf7
37.Nc2 Ra6 38.Ra2 Kg7 39.h3 Be7 40.Qg4 Qf5 41.Qf3 Ra7 42.Nd4 Qf7 43.Nc6 Rbb7
44.Nxa7 Rxa7 45.Qc6 Qxf4 46.Qxb5 h5 47.Qb6 Ra8 48.Qxe6 Bh4 49.Qd7+ Kh6 50.Qc6 Rd8
51.Rda1 Be7 52.Qc7 Qh4 53.Rf1 Rd3 54.Qc8 Bd8 55.Rxa3 Re3 56.Ra8 Re1 57.Ra1 Rxe5
58.Rad1 Re8 59.Qd7 Qe4 60.Qd2+ Bg5 61.Qd4 Qe2 62.h4 Be3 63.Qd7 Bc5 64.Rf7 Be7
65.Qd2+ Qxd2 66.Rxd2 Bxh4 67.Kh2 Be1 68.Rd4 Bxc3 69.Rxc4 Re3 70.Rf3 Be5+
71.Kg1  1/2-1/2

[Event "Rilton Cup 2010-11"]
[Site "Stockholm SWE"]
[Date "2011.01.02"]
[Round "6"]
[White "Sipila,V"]
[Black "Holmsten,A"]
[Result "1-0"]
[WhiteElo "2262"]
[BlackElo "2381"]

1.d4 Nf6 2.c4 g6 3.Nc3 d5 4.cxd5 Nxd5 5.e4 Nxc3 6.bxc3 Bg7 7.Bc4 c5 8.Ne2 O-O
9.O-O Nc6 10.Be3 Bg4 11.f3 Na5 12.Bxf7+ Rxf7 13.fxg4 Rxf1+ 14.Kxf1 Qd6 15.Kg1 Qe6
16.Qd3 c4 17.Qb1 Qxg4 18.Ng3 Qd7 19.e5 Qd5 20.h4 b6 21.h5 gxh5 22.Nxh5 Bxe5
23.dxe5 Qxe5 24.Bd4 Qxh5 25.Qe4 Re8 26.Rf1 e5 27.Rf5 Qg6 28.Qd5+  1-0

[Event "XXII Open"]
[Site "Villa De Roquetas ESP"]
[Date "2011.01.03"]
[Round "3"]
[White "Peralta,Fe"]
[Black "Fernandez Barrera,V"]
[Result "1-0"]
[WhiteElo "2603"]
[BlackElo "2343"]

1.d4 Nf6 2.c4 g6 3.Nc3 d5 4.cxd5 Nxd5 5.e4 Nxc3 6.bxc3 Bg7 7.Bc4 c5 8.Ne2 O-O
9.O-O Nc6 10.Be3 Bd7 11.Rb1 a6 12.d5 Na5 13.Bd3 Qc8 14.Qd2 b5 15.Bh6 e6 16.Ng3 f6
17.Bxg7 Kxg7 18.f4 exd5 19.exd5 c4 20.Bc2 Nb7 21.f5 Qc5+ 22.Kh1 Nd6 23.Rbe1 Rae8
24.Rxe8 Bxe8 25.h4 Bf7 26.Qf4 Ne8 27.fxg6 hxg6 28.Ne4 Qxd5 29.Nxf6 Qe6 30.Ng4 Rh8
31.Qd4+ Kg8 32.Ne5 g5 33.Rxf7 Nd6 34.Bf5 Qh6 35.Ra7 Qxh4+ 36.Qxh4 Rxh4+ 37.Bh3 Ne4
38.Kg1 Rh6 39.Ng6 Nc5 40.Bf5  1-0

[Event "Rilton Cup 2010-11"]
[Site "Stockholm SWE"]
[Date "2011.01.04"]
[Round "8"]
[White "Pettersson,An"]
[Black "Holmsten,A"]
[Result "1-0"]
[WhiteElo "2127"]
[BlackElo "2381"]

1.d4 Nf6 2.c4 g6 3.Nc3 d5 4.cxd5 Nxd5 5.e4 Nxc3 6.bxc3 Bg7 7.Nf3 O-O 8.Be2 c5
9.Rb1 b6 10.O-O Bb7 11.d5 Bxc3 12.Bh6 Bg7 13.Qd2 e6 14.Bc4 exd5 15.exd5 Nd7
16.Rfe1 b5 17.Bxg7 Kxg7 18.Bxb5 Nb6 19.d6 Bd5 20.d7 Qf6 21.Re8 a6 22.Rxa8 Bxa8
23.Bf1 Rd8 24.Ne5 Qxe5 25.Rxb6 Bd5 26.f4 Qc7 27.Rxa6 Rxd7 28.f5 gxf5 29.Qg5+ Kf8
30.Qh6+ Ke7 31.Qf6+ Kf8 32.Bb5 Qf4 33.Qc3 Rc7 34.Qh8+  1-0

[Event "Berkeley Int Open"]
[Site "Berkeley USA"]
[Date "2011.01.05"]
[Round "7"]
[White "Gareev,T"]
[Black "Bykhovsky,An ISR"]
[Result "1-0"]
[WhiteElo "2605"]
[BlackElo "2510"]

1.d4 Nf6 2.c4 g6 3.Nc3 d5 4.cxd5 Nxd5 5.e4 Nxc3 6.bxc3 Bg7 7.Nf3 c5 8.Rb1 O-O
9.Be2 cxd4 10.cxd4 Qa5+ 11.Bd2 Qxa2 12.O-O Bg4 13.Bg5 h6 14.Bh4 g5 15.Bg3 Nc6
16.d5 Rad8 17.Rxb7 e6 18.Bc7 Bxf3 19.Bxf3 Rd7 20.Qb1 Qxb1 21.Rfxb1 exd5 22.Bg4 f5
23.Bxf5 Re7 24.exd5 Rxf5 25.dxc6 Re6 26.Rb8+ Kh7 27.Bd6 Bd4 28.c7 Rxf2 29.Bc5  1-0

[Event "Australian Open"]
[Site "Cammeray AUS"]
[Date "2011.01.05"]
[Round "4.14"]
[White "Voon,R"]
[Black "Zulfic,F"]
[Result "1/2-1/2"]
[WhiteElo "1904"]
[BlackElo "2024"]

1.d4 Nf6 2.c4 g6 3.Nc3 d5 4.cxd5 Nxd5 5.e4 Nxc3 6.bxc3 Bg7 7.Bc4 O-O 8.Ne2 b6
9.Be3 Bb7 10.f3 Nc6 11.O-O Na5 12.Bd3 e6 13.Rb1 Qc8 14.c4 Ba6 15.Qc2 Rd8
16.Rfc1 c5 17.d5 Nb7 18.f4 exd5 19.cxd5 Nd6 20.Ng3 h5 21.e5 h4 22.Ne2 Bxd3
23.Qxd3 Nf5 24.Bf2 h3 25.gxh3 Qb7 26.Rd1 Rac8 27.Ng3 c4 28.Qe4 c3 29.Rbc1 Qa6
30.Rc2 Rc4 31.Qd3 Qa4 32.Nxf5 gxf5 33.Bg3 Rxd5 34.Qxd5 Qxc2 35.Qd8+ Kh7 36.Qh4+ Bh6
37.Rd6 Qc1+ 38.Kg2 Qd2+ 39.Bf2 Qxf4 40.Rxh6+ Qxh6 41.Qxc4 Qg5+ 42.Kf3 Qh5+
43.Kf4 Qh6+ 44.Kxf5 c2 45.Qxf7+ Kh8 46.Qe8+  1/2-1/2

[Event "ch-RSCU Rapid"]
[Site "Moscow RUS"]
[Date "2011.01.09"]
[Round "1"]
[White "Karjakin,Sergey"]
[Black "Nepomniachtchi,I"]
[Result "1/2-1/2"]
[WhiteElo "2776"]
[BlackElo "2733"]

1.d4 Nf6 2.c4 g6 3.Nc3 d5 4.cxd5 Nxd5 5.e4 Nxc3 6.bxc3 Bg7 7.Nf3 c5 8.Be3 Qa5
9.Qd2 Nc6 10.Rb1 a6 11.Rc1 cxd4 12.cxd4 Qxd2+ 13.Kxd2 e6 14.Bd3 O-O 15.Rc4 Bd7
16.Rhc1 Rfd8 17.Bg5 f6 18.Be3 Be8 19.Ke2 Rac8 20.g3 Bf8 21.R4c3 b5 22.h4 Bb4
23.Rb3 Be7 24.Rbc3 Bb4 25.Rb3 Bd6 26.Rbc3 Bb4  1/2-1/2

[Event "68th ch-GEO w"]
[Site "Anaklia GEO"]
[Date "2011.01.10"]
[Round "1.5"]
[White "Javakhishvili,L"]
[Black "Khotenashvili,B"]
[Result "1/2-1/2"]
[WhiteElo "2438"]
[BlackElo "2440"]

1.d4 Nf6 2.c4 g6 3.Nc3 d5 4.cxd5 Nxd5 5.e4 Nxc3 6.bxc3 Bg7 7.Be3 c5 8.Nf3 O-O
9.Rc1 Qa5 10.Qd2 Bg4 11.d5 Bxf3 12.gxf3 Nd7 13.c4 Qa3 14.Be2 f5 15.exf5 Rxf5
16.f4 Nf6 17.Bd3 Rh5 18.Rc3 Qa5 19.Rb3 Qc7 20.Be2 Rf5 21.Bd3 Rh5 22.Be2 Rh4
23.Bf3 Rf8 24.d6 Qxd6 25.Rxb7 Bh6 26.Qxd6 exd6 27.f5 Bxe3 28.fxe3 Rf7 29.fxg6 Rxb7
30.Bxb7 hxg6 31.O-O Kg7 32.Rd1 Rxc4 33.Rxd6 Rc1+ 34.Kg2 Rc2+ 35.Kf3 Rxa2
36.Rc6 Rxh2 37.Rxc5 Rh3+ 38.Ke2 Rh5 39.Rc7+ Kh6 40.Ba6 Ra5 41.Bc4 Ng4 42.e4 Ra3
43.Re7 a5 44.Kd2 Kg5 45.e5 Ne3 46.Bd3 Nd5 47.Rg7 Nf4 48.Bc2 Rg3 49.e6 Rg2+
50.Kd1 Rg1+ 51.Kd2 Rg2+ 52.Kd1 Rg1+  1/2-1/2

[Event "Australian Open"]
[Site "Cammeray AUS"]
[Date "2011.01.10"]
[Round "8.7"]
[White "Brown,An"]
[Black "Feldman,V"]
[Result "1-0"]
[WhiteElo "2175"]
[BlackElo "2262"]

1.d4 Nf6 2.c4 g6 3.Nc3 d5 4.cxd5 Nxd5 5.e4 Nxc3 6.bxc3 Bg7 7.Bb5+ c6 8.Ba4 O-O
9.Ne2 c5 10.O-O Nc6 11.Be3 Na5 12.Qc1 b6 13.dxc5 Ba6 14.Rd1 Qc8 15.Nf4 b5
16.Bb3 Bb7 17.Nd5 Nc6 18.a4 bxa4 19.Bxa4 Qe6 20.f3 Rfc8 21.Bg5 Bf8 22.Bb3 Qe5
23.Bf4 Qg7 24.Nb4 Ne5 25.Be3 e6 26.Ra5 Nc6 27.Nxc6 Bxc6 28.Bf4 Qf6 29.Bd6 Bg7
30.e5 Qh4 31.Qe3 Bh6 32.Qf2 Qg5 33.h4 Qf4 34.Rda1 Bg7 35.Qd4 Qg3 36.Qg4 Qxg4
37.fxg4 Rab8 38.Ba4 Bd5 39.Bd7 f6 40.Bxb8 Rxb8 41.c6  1-0

[Event "10th Praha Open A"]
[Site "Prague CZE"]
[Date "2011.01.11"]
[Round "5"]
[White "Zilka,S"]
[Black "Studnicka,Toma"]
[Result "1/2-1/2"]
[WhiteElo "2479"]
[BlackElo "2348"]

1.d4 Nf6 2.c4 g6 3.Nc3 d5 4.cxd5 Nxd5 5.e4 Nxc3 6.bxc3 Bg7 7.Bc4 c5 8.Ne2 Nc6
9.Be3 O-O 10.O-O Na5 11.Bd3 b6 12.Rc1 cxd4 13.cxd4 e6 14.Qd2 Bb7 15.h4 Rc8
16.h5 Qd7 17.Bh6 Rxc1 18.Rxc1 Bxh6 19.Qxh6 Nc6 20.Qf4 e5 21.Qf6 Qe6 22.Qxe6 fxe6
23.hxg6 hxg6 24.dxe5 Nxe5 25.Bb1 Rd8 26.Nf4 Kf7 27.Rc7+ Rd7 28.Rxd7+ Nxd7
29.f3 g5 30.Nh3 Kf6 31.Kf2 Ne5 32.Ke3 g4 33.Nf2 gxf3 34.gxf3 Nc4+ 35.Ke2 Ke5
36.Bd3 Kd4 37.Bxc4 Kxc4 38.Kd2 Kb4 39.Nd1 Ka3 40.Nc3 a6 41.Kc2 Bc6 42.Kb1 Be8
43.f4 Bg6 44.Ka1 b5 45.f5 exf5 46.exf5 Bxf5 47.Nxb5+ axb5  1/2-1/2

[Event "Australian Open"]
[Site "Cammeray AUS"]
[Date "2011.01.12"]
[Round "10.8"]
[White "Grigg,S"]
[Black "Feldman,V"]
[Result "0-1"]
[WhiteElo "2011"]
[BlackElo "2262"]

1.d4 Nf6 2.c4 g6 3.Nc3 d5 4.cxd5 Nxd5 5.e4 Nxc3 6.bxc3 Bg7 7.Bb5+ c6 8.Ba4 O-O
9.Ne2 c5 10.Be3 Nc6 11.O-O Na5 12.Qc1 cxd4 13.Rd1 Bd7 14.Bxd7 Qxd7 15.Nxd4 Rfd8
16.Nb3 Qa4 17.Nxa5 Qxa5 18.Bd4 Rac8 19.Qb2 b6 20.g3 Qh5 21.Rd2 Qf3 22.Bxg7 Kxg7
23.c4+ f6 24.Rxd8 Rxd8 25.Re1 Rd1 26.Rxd1 Qxd1+ 27.Kg2 Qd3 28.f3 Qxc4 29.g4 Qc5
30.h4 h6 31.Qd2 Qd6 32.Qc3 Qe5 33.Qb4 h5 34.a4 hxg4 35.fxg4 Qc5 36.Qb5 Qc2+
37.Kf3 Qc3+ 38.Ke2 Qc2+ 39.Ke3 Qc1+ 40.Kd3 Qd1+ 41.Ke3 Qxg4 42.Qe8 Qg3+ 43.Ke2 Qe5
44.Kd3 a6 45.Qc6 Qd6+  0-1

[Event "Australian Open"]
[Site "Cammeray AUS"]
[Date "2011.01.13"]
[Round "11.4"]
[White "Brown,An"]
[Black "Illingworth,M"]
[Result "1-0"]
[WhiteElo "2175"]
[BlackElo "2311"]

1.d4 Nf6 2.c4 g6 3.Nc3 d5 4.cxd5 Nxd5 5.e4 Nxc3 6.bxc3 Bg7 7.Bb5+ c6 8.Ba4 b5
9.Bb3 b4 10.Bb2 bxc3 11.Bxc3 Ba6 12.h4 Nd7 13.h5 e5 14.Bb4 Qf6 15.Rh3 Bf8
16.Bc3 Qf4 17.Qf3 Bg7 18.dxe5 Qxf3 19.Nxf3 gxh5 20.Ng5 O-O-O 21.Nxf7 Nc5
22.Nxd8 Rxd8 23.Bc2 Ne6 24.Rd1 Re8 25.Rxh5 h6 26.Rf5 Bb5 27.Rd6 Nc5 28.f4 Bf8
29.Rdf6 Nd7 30.Rg6 Nc5 31.Rxf8 Rxf8 32.Bb4 Rxf4 33.Bxc5 Rf1+ 34.Kd2 h5 35.e6 Bc4
36.Bb3 Bxb3 37.axb3 Kb7 38.e7  1-0

[Event "9th Parsvnath Open"]
[Site "New Delhi IND"]
[Date "2011.01.14"]
[Round "9"]
[White "Greenfeld,A"]
[Black "Ni Hua"]
[Result "1/2-1/2"]
[WhiteElo "2557"]
[BlackElo "2645"]

1.d4 Nf6 2.c4 g6 3.Nc3 d5 4.cxd5 Nxd5 5.e4 Nxc3 6.bxc3 Bg7 7.Bc4 c5 8.Ne2 Nc6
9.Be3 O-O 10.O-O Qc7 11.Rc1 e6 12.h4 h5 13.e5 b6 14.Nf4 Ne7 15.g4 Rd8 16.Qe2 Bb7
17.gxh5 Qc6 18.Kh2 cxd4 19.cxd4 Bh6 20.d5 Bxf4+ 21.Bxf4 Nxd5 22.Bxd5 Qxd5
23.Rg1 Qe4 24.Qxe4 Bxe4 25.hxg6 fxg6 26.Rc7 Rdc8 27.Rgc1 Rxc7 28.Rxc7 b5
29.a3 a5 30.Bg5 b4 31.axb4 a4 32.Be3 a3 33.Ra7 Rxa7 34.Bxa7 Kf7 35.Kg3 Ke8
36.Kf4 Bf5  1/2-1/2

[Event "9th Parsvnath Open"]
[Site "New Delhi IND"]
[Date "2011.01.15"]
[Round "10"]
[White "Arun Prasad,S"]
[Black "Shivananda,B"]
[Result "1/2-1/2"]
[WhiteElo "2513"]
[BlackElo "2372"]

1.d4 Nf6 2.c4 g6 3.Nc3 d5 4.cxd5 Nxd5 5.e4 Nxc3 6.bxc3 Bg7 7.Nf3 c5 8.Be3 Qa5
9.Qd2 O-O 10.Rc1 Rd8 11.d5 e6 12.Bg5 f6 13.Be3 Nc6 14.h4 exd5 15.exd5 Bg4
16.Be2 Qa4 17.Bxc5 Bxf3 18.gxf3 Ne5 19.c4 Rac8 20.Be7 Rd7 21.d6 Re8 22.Qe3 Nf7
23.Qb3 Qxb3 24.axb3 Nxd6 25.Bxd6 Rxd6 26.c5 Rd5 27.Kf1 Rde5 28.Rc2 a5 29.h5 gxh5
30.f4 Rf5 31.c6 bxc6 32.Rxc6 Rd8  1/2-1/2

[Event "ch-BLR w"]
[Site "Minsk BLR"]
[Date "2011.01.16"]
[Round "1.4"]
[White "Sharevich,A"]
[Black "Bogdan,Ek"]
[Result "1-0"]
[WhiteElo "2332"]
[BlackElo "1991"]

1.d4 Nf6 2.c4 g6 3.Nc3 d5 4.cxd5 Nxd5 5.e4 Nxc3 6.bxc3 Bg7 7.Ba3 Nd7 8.Nf3 O-O
9.Bc4 c5 10.O-O Qc7 11.Qe2 b6 12.Rad1 Bb7 13.e5 e6 14.Ng5 Rfe8 15.f4 h6 16.Ne4 Bxe4
17.Qxe4 cxd4 18.Bb5 Bf8 19.Bxf8 Rxf8 20.cxd4 Rac8 21.Qe3 Qb7 22.d5 Rc2 23.Qb3 Rfc8
24.Bc6 R8xc6 25.dxc6 Qxc6 26.Rf3 Nf8 27.a3 Nh7 28.h4 Qe4 29.Qd3 Qc6 30.Rd2 Rc1+
31.Kh2 Qc5 32.Qd4 Qb5 33.Rd1 Rc2 34.Rf2 Rc4 35.Qe3 Qc6 36.Rd6 Qc7 37.Qf3 Qe7
38.g3 g5 39.Rfd2 Nf8 40.fxg5 hxg5 41.h5 Rc5 42.Qe4 f5 43.Qa8 Qf7 44.Rd8  1-0

[Event "3rd Chennai Open"]
[Site "Chennai IND"]
[Date "2011.01.19"]
[Round "2"]
[White "Chatterjee,D"]
[Black "Deepan,C"]
[Result "1/2-1/2"]
[WhiteElo "2312"]
[BlackElo "2485"]

1.d4 Nf6 2.c4 g6 3.Nc3 d5 4.cxd5 Nxd5 5.e4 Nxc3 6.bxc3 Bg7 7.Nf3 c5 8.Rb1 O-O
9.Be2 Nc6 10.d5 Bxc3+ 11.Bd2 Bxd2+ 12.Qxd2 Na5 13.h4 f6 14.h5 g5 15.Nxg5 fxg5
16.Qxg5+ Kh8 17.h6 Rf7 18.Bh5 Qg8 19.Qe5+ Rf6 20.Qxe7 Qf8 21.Qc7 b6 22.e5 Rxh6
23.e6 Bxe6 24.dxe6 Rxe6+ 25.Kf1 Re7 26.Qg3 Qf6 27.Rd1 Rg8 28.Qh3 Nc4 29.Bf3 Ne5
30.Be4 Rf8 31.f3 Ng6 32.Qh6 Rg7 33.Rh5 Qf4 34.Bxg6 Qxh6  1/2-1/2

[Event "73rd Tata Steel GMC"]
[Site "Wijk aan Zee NED"]
[Date "2011.01.21"]
[Round "6"]
[White "Ivanisevic,I"]
[Black "Lahno,Kateri"]
[Result "1/2-1/2"]
[WhiteElo "2630"]
[BlackElo "2518"]

1.d4 Nf6 2.c4 g6 3.Nc3 d5 4.cxd5 Nxd5 5.e4 Nxc3 6.bxc3 Bg7 7.Bc4 c5 8.Ne2 Nc6
9.Be3 O-O 10.O-O Bg4 11.f3 Bd7 12.Rb1 Rc8 13.Bd3 Qc7 14.Qd2 Rfd8 15.d5 Ne5
16.Bf4 c4 17.Bc2 e6 18.Nd4 exd5 19.exd5 Qc5 20.Rxb7 Nd3 21.Be3 Qxd5 22.Rxa7 Re8
23.Rb1 Rxe3 24.Qxe3 Re8 25.Rxd7 Qxd7 26.Qd2 Bxd4+ 27.cxd4 Qxd4+ 28.Kf1 Re3
29.Bxd3 Rxd3 30.Qf2 Qxf2+ 31.Kxf2 Rd2+ 32.Kg3 Rxa2 33.Rc1 Ra4 34.Kf4 Kg7
35.Rc2 Kf6 36.Ke4 Kg5 37.g3 h5 38.Kd4 h4 39.Rxc4 Ra2 40.Ke5 Re2+ 41.Re4  1/2-1/2

[Event "3rd Chennai Open"]
[Site "Chennai IND"]
[Date "2011.01.23"]
[Round "8"]
[White "Adhiban,B"]
[Black "Shivananda,B"]
[Result "1/2-1/2"]
[WhiteElo "2530"]
[BlackElo "2372"]

1.d4 Nf6 2.c4 g6 3.Nc3 d5 4.cxd5 Nxd5 5.e4 Nxc3 6.bxc3 Bg7 7.Bc4 c5 8.Ne2 Nc6
9.Be3 O-O 10.O-O Bd7 11.h4 Na5 12.Bd3 cxd4 13.cxd4 Rc8 14.Rc1 b5 15.Qd2 Nc4
16.Bxc4 bxc4 17.h5 gxh5 18.Bh6 Bxh6 19.Qxh6 Kh8 20.Qxh5 f6 21.f3 Rg8 22.Qh6 Qa5
23.Nc3 Rg6 24.Qe3 Rcg8 25.Rf2 Qh5 26.Nd5 Rh6 27.Kf1 e6 28.Nf4  1/2-1/2

[Event "3rd Chennai Open"]
[Site "Chennai IND"]
[Date "2011.01.25"]
[Round "10"]
[White "Swapnil,SD"]
[Black "Kiran,M"]
[Result "1-0"]
[WhiteElo "2418"]
[BlackElo "2230"]

1.d4 Nf6 2.c4 g6 3.Nc3 d5 4.cxd5 Nxd5 5.e4 Nxc3 6.bxc3 Bg7 7.Bc4 c5 8.Ne2 O-O
9.O-O Nc6 10.Be3 Bd7 11.Rb1 Qc7 12.Bf4 Qc8 13.Rc1 a6 14.Qd2 b5 15.Bd3 Qb7
16.Bh6 Qb6 17.Bxg7 Kxg7 18.d5 Ne5 19.c4 e6 20.Ng3 Nxd3 21.Qxd3 bxc4 22.Qc3+ Kg8
23.Rfe1 Rab8 24.Qxc4 Rfc8 25.e5 exd5 26.Qxd5 Qc6 27.Qd2 Rb4 28.Qe3 Be6 29.Ne4 Rxe4
30.Qxe4 Bxa2 31.Qh4 Bd5 32.Red1 c4 33.Rc3 a5 34.f3 a4 35.Qd4 Be6 36.Ra1 Qb5
37.Rca3 Ra8 38.Kf2 Qe8 39.Qc3 Qb5 40.Qd4 Qe8 41.Rd1 Qe7 42.Qd6 Qa7+ 43.Kg3 Qb7
44.Rxa4 Rc8 45.Rb4 Qa7 46.Rdb1 h5 47.Rb8 h4+ 48.Kf4 Kh7 49.Rxc8 Bxc8 50.Rb8 g5+
51.Kxg5 Qe3+ 52.f4 Qe4 53.Qh6+  1-0

[Event "3rd Chennai Open"]
[Site "Chennai IND"]
[Date "2011.01.26"]
[Round "11"]
[White "Murshed,N"]
[Black "Deepan,C"]
[Result "1/2-1/2"]
[WhiteElo "2436"]
[BlackElo "2485"]

1.d4 Nf6 2.c4 g6 3.Nc3 d5 4.cxd5 Nxd5 5.e4 Nxc3 6.bxc3 Bg7 7.Nf3 c5 8.Be3 Qa5
9.Qd2 O-O 10.Rc1 e6 11.Be2 Nd7 12.O-O Nf6 13.e5 cxd4 14.Bxd4 Nd5 15.Ng5 Bd7
16.Ne4 Rfd8 17.Nd6 Bc6 18.f4 Ne7 19.Bf3 Nf5 20.Nxf5 exf5 21.Bxc6 bxc6 22.Qe2 Qd5
23.Rfd1 Qe6 24.Qf2 Bf8 25.Qe2 Rd7 26.Bf2 Rad8 27.Rxd7 Rxd7 28.Rb1 f6 29.Rb8 Kf7
30.h3 fxe5 31.Ra8 e4 32.Rxa7 Rxa7 33.Bxa7 c5 34.a4 Qb3 35.Qb5 Qxc3 36.Qd7+ Be7
37.Bb8 Qd4+ 38.Qxd4 cxd4 39.Ba7 d3 40.Kf2 Ke6 41.a5 Kd5 42.a6 Kc6 43.Be3 Bd8
44.a7 Kb7 45.g3 Ba5 46.h4 Bb4 47.Kf1 Ba5  1/2-1/2

[Event "3rd Chennai Open"]
[Site "Chennai IND"]
[Date "2011.01.26"]
[Round "11"]
[White "Zherebukh,Y"]
[Black "Shivananda,B"]
[Result "1/2-1/2"]
[WhiteElo "2565"]
[BlackElo "2372"]

1.d4 Nf6 2.c4 g6 3.Nc3 d5 4.cxd5 Nxd5 5.e4 Nxc3 6.bxc3 Bg7 7.Bc4 c5 8.Ne2 Nc6
9.Be3 O-O 10.O-O Bd7 11.Rb1 Qc7 12.Bd3 Rfd8 13.Qb3 b6 14.Rfd1 Be8 15.Ba6 Na5
16.Qa3 cxd4 17.cxd4 e5 18.Rdc1 Qd7 19.d5 Bf8 20.Qb2 Qd6 21.Bd2 Bd7 22.Nc3 Qf6
23.Nb5 h5 24.f4 Bxb5 25.fxe5 Qh4 26.Bxb5 Qxe4 27.d6 Bg7 28.Bc3 Rac8 29.Re1 Qf5
30.Rbd1 Nc4 31.Qb3 Nxd6 32.Ba6 Ne4 33.Bxc8 Rxc8 34.Bd4 Bxe5 35.Rf1 Bxd4+
36.Rxd4 Nc5 37.Qa3 Qe5 38.Rdf4 Rc7 39.Qf3 Qe6 40.Rf6 Qxa2 41.Qf4 Rd7 42.Qb8+ Kg7
43.Rc6 Qd5 44.Rc8 Qd4+ 45.Kh1 Qf6 46.Kg1 Qd4+ 47.Kh1 Qf6 48.Kg1  1/2-1/2

[Event "TCh-CAT Div Hon"]
[Site "Barcelona ESP"]
[Date "2011.01.29"]
[Round "1"]
[White "Gual Pascual,A"]
[Black "Sanchez Ibern,M"]
[Result "1/2-1/2"]
[WhiteElo "2449"]
[BlackElo "2298"]

1.d4 Nf6 2.c4 g6 3.Nc3 d5 4.cxd5 Nxd5 5.e4 Nxc3 6.bxc3 Bg7 7.Bb5+ c6 8.Ba4 O-O
9.Ne2 c5 10.O-O Nc6 11.Be3 Na5 12.Rb1 b6 13.dxc5 Ba6 14.Bb5 Bxb5 15.Rxb5 Nc4
16.Bg5 h6 17.Bh4 g5 18.Bg3 Nd2 19.Re1 Nxe4 20.cxb6 Qxd1 21.Rxd1 axb6 22.Rb4 Nxc3
23.Nxc3 Bxc3 24.Rxb6 Rxa2  1/2-1/2

[Event "Frauenbundesliga 1st Div 2010-11"]
[Site "Germany GER"]
[Date "2011.01.29"]
[Round "6.5"]
[White "Bielicki,B"]
[Black "Frey,Al"]
[Result "1-0"]
[WhiteElo "2182"]
[BlackElo "2035"]

1.d4 Nf6 2.c4 g6 3.Nc3 d5 4.cxd5 Nxd5 5.e4 Nxc3 6.bxc3 Bg7 7.Rb1 c5 8.Nf3 O-O
9.Be3 cxd4 10.cxd4 Qa5+ 11.Qd2 Qxd2+ 12.Nxd2 Nc6 13.d5 Nd4 14.Bd3 e6 15.Rb4 a5
16.Rxd4 Bxd4 17.Bxd4 exd5 18.e5 Bd7 19.Nb1 Rab8 20.Nc3 Rfc8 21.Kd2 Bc6 22.Rb1 Kf8
23.Rb6 Ke8 24.Be2 h5 25.Bf3 Rd8 26.Kd3 Ra8 27.Nb5 Rab8 28.g3 Rd7 29.Bg2 Rdd8
30.f4 Kf8 31.Bc5+ Kg7 32.Bd6 Rbc8 33.Na7 Ra8 34.Nxc6 bxc6 35.Rxc6 Ra7 36.Bxd5 Rdd7
37.Rc8 Ra6 38.Bc6 Rda7 39.Bc5  1-0

[Event "Frauenbundesliga 1st Div 2010-11"]
[Site "Germany GER"]
[Date "2011.01.29"]
[Round "6.3"]
[White "Ulms,S"]
[Black "Hoolt,S"]
[Result "1/2-1/2"]
[WhiteElo "2174"]
[BlackElo "2235"]

1.d4 Nf6 2.c4 g6 3.Nc3 d5 4.cxd5 Nxd5 5.e4 Nxc3 6.bxc3 Bg7 7.Bc4 c5 8.Ne2 O-O
9.O-O Nc6 10.Be3 Bg4 11.f3 Bd7 12.Rb1 Rc8 13.Qd2 a6 14.dxc5 Na5 15.Bd3 Be6
16.Rfd1 Bc4 17.Qc2 Qc7 18.Qa4 Be6 19.Bf2 Bd7 20.Qa3 Nc6 21.c4 Ne5 22.Nc3 e6
23.Be2 Bc6 24.Na4 Qa5 25.Rb4 Rcd8 26.Qb3 Rxd1+ 27.Bxd1 Rd8 28.Be2 Rd2 29.Kf1 Rxa2
30.Qxa2 Qxb4 31.Nb6 Nd7 32.Nxd7 Bxd7 33.Qc2 Qc3 34.Qd1 Qa1 35.Qxa1 Bxa1 36.Bd1 Be5
37.h3 Kf8 38.Ke2 Ke8 39.Kd3 Kd8 40.Bd4 Bg3 41.e5 h5 42.Bc2 Bc6 43.Ke2 Ke8
44.Kd1 Kf8 45.Ke2 Kg7 46.Bc3 Kh6 47.Bd2+ g5 48.Bc3 g4 49.Bd2+ Kg7 50.Bc3 Bh4
51.Ke3 f6 52.hxg4 hxg4 53.g3 Bxg3 54.exf6+ Kf7 55.fxg4 e5 56.Be4 Bf4+ 57.Kf3 Kxf6
58.Bxc6 bxc6 59.Ke4 Kg5 60.Kf3 Bh2 61.Bd2+ Kf6 62.Ke4 Bf4 63.Bc3 Ke6 64.Ba5 Bg5
65.Bc7 Bf4 66.Ba5 Kf6 67.Bc3  1/2-1/2

[Event "Moscow Open Young GM"]
[Site "Moscow RUS"]
[Date "2011.01.30"]
[Round "4"]
[White "Cheparinov,I"]
[Black "Safarli,E"]
[Result "1/2-1/2"]
[WhiteElo "2665"]
[BlackElo "2629"]

1.d4 Nf6 2.c4 g6 3.Nc3 d5 4.cxd5 Nxd5 5.e4 Nxc3 6.bxc3 Bg7 7.Bc4 c5 8.Ne2 Nc6
9.Be3 O-O 10.O-O Na5 11.Bd3 b6 12.Qd2 e5 13.Bh6 exd4 14.cxd4 cxd4 15.Bxg7 Kxg7
16.Rac1 Nb7 17.Rc4 Nc5 18.Rxd4  1/2-1/2

[Event "Gibraltar Masters"]
[Site "Caleta ENG"]
[Date "2011.01.31"]
[Round "7.4"]
[White "Fier,A"]
[Black "Caruana,F"]
[Result "1/2-1/2"]
[WhiteElo "2571"]
[BlackElo "2721"]

1.d4 Nf6 2.c4 g6 3.Nc3 d5 4.cxd5 Nxd5 5.e4 Nxc3 6.bxc3 Bg7 7.Bc4 c5 8.Ne2 Nc6
9.Be3 O-O 10.O-O Qc7 11.Rc1 b6 12.Qd2 Bb7 13.Bh6 Rad8 14.Bxg7 Kxg7 15.Qe3 e5
16.d5 Ne7 17.Ng3 f6 18.h4 Nc8 19.Bd3 Nd6 20.f4 exf4 21.Qxf4 Qe7 22.Rf2 Qe5
23.Qxe5 fxe5 24.Nf1 c4 25.Bc2 Bc8 26.Nh2 h6 27.Rxf8 Rxf8 28.Nf3 Re8 29.Kf2 Bg4
30.Nh2 Bd7 31.Ke3 g5 32.hxg5 hxg5 33.Nf3 g4 34.Nh4 Rf8 35.Rh1 Rf4 36.g3 Rf6
37.a4 Rh6 38.Rb1 Rh8 39.Rh1 Ne8 40.Rf1 Nd6 41.Rh1 Rh6 42.Rb1 Kf7 43.Rf1+ Ke7
44.Rh1 a5 45.Rf1 Rf6 46.Rb1 Nf7 47.Nf5+  1/2-1/2